Proceso inquisitorial contra el escultor Esteban Jamete / transcripción, extractos y notas preliminares por J. Domínguez Bordona
Descripción Física:
XXVI, 74 p., 10 f. de làm. : il. ; 29 cm
MARC
| LEADER | 00000nam a2200000Ia 4500 | ||
|---|---|---|---|
| 001 | 1600 | ||
| 003 | BGR | ||
| 005 | 20260324175252.0 | ||
| 008 | 160829s1933 xx 000 0 cat d | ||
| 080 | |a D-2-52 | ||
| 100 | |a Domínguez Bordona, Jesús |9 24154 | ||
| 245 | |a Proceso inquisitorial contra el escultor Esteban Jamete / transcripción, extractos y notas preliminares por J. Domínguez Bordona | ||
| 260 | |a Madrid : |b Blass, |c 1933 | ||
| 300 | |a XXVI, 74 p., 10 f. de làm. : |b il. ; |c 29 cm | ||
| 590 | |a A la part superior de la portada: Junta para Ampliación de Estudios e Investigaciones Científicas, Centro de Estudios Históricos | ||
| 650 | |a Jamete, Esteban |x Processos, litigis, etc. |9 24155 | ||
| 710 | 2 | |a Junta para Ampliación de Estudios e Investigaciones Científicas |9 71282 |b Centro de Estudios Históricos | |
| 901 | |a Arxiu | ||
| 942 | |n 1 |2 udc |c MON | ||
| 952 | |0 0 |1 0 |4 0 |6 D252 |7 1 |9 43003 |a Arxiu |b Arxiu |d 2016-12-01 |l 0 |o D-2-52 |p 1600 |r 2016-12-01 00:00:00 |w 2016-12-01 |y ARXIU | ||
| 999 | |c 45546 |d 45546 | ||